Reekie's architectural drawing / (Record no. 353464)
[ view plain ]
| 000 -LEADER | |
|---|---|
| fixed length control field | 01300cam a2200349 a 4500 |
| 001 - CONTROL NUMBER | |
| control field | 2558511 |
| 003 - CONTROL NUMBER IDENTIFIER | |
| control field | OSt |
| 005 - DATE AND TIME OF LATEST TRANSACTION | |
| control field | 20180116192408.0 |
| 008 - FIXED-LENGTH DATA ELEMENTS--GENERAL INFORMATION | |
| fixed length control field | 950607s1995 nyua | b 001 0 eng |
| 010 ## - LIBRARY OF CONGRESS CONTROL NUMBER | |
| LC control number | 95000641 |
| 020 ## - INTERNATIONAL STANDARD BOOK NUMBER | |
| International Standard Book Number | 0340573244 (pbk.) |
| 020 ## - INTERNATIONAL STANDARD BOOK NUMBER | |
| International Standard Book Number | 9780340573242 |
| 040 ## - CATALOGING SOURCE | |
| Original cataloging agency | DLC |
| Transcribing agency | DLC |
| Modifying agency | DLC |
| 050 00 - LIBRARY OF CONGRESS CALL NUMBER | |
| Classification number | NA2700 |
| Item number | .R44 1996 |
| 082 00 - DEWEY DECIMAL CLASSIFICATION NUMBER | |
| Classification number | 720.284 |
| Edition number | 4th |
| 100 1# - MAIN ENTRY--PERSONAL NAME | |
| Personal name | Reekie, Fraser. |
| 9 (RLIN) | 1069 |
| 245 10 - TITLE STATEMENT | |
| Title | Reekie's architectural drawing / |
| Statement of responsibility, etc. | Fraser Reekie. |
| 246 30 - VARYING FORM OF TITLE | |
| Title proper/short title | Architectural drawing |
| 250 ## - EDITION STATEMENT | |
| Edition statement | 4th ed. / |
| Remainder of edition statement | revised by Tony McCarthy. |
| 260 ## - PUBLICATION, DISTRIBUTION, ETC. | |
| Place of publication, distribution, etc. | Boston : |
| Name of publisher, distributor, etc. | Elsevier Architectural Press, |
| Date of publication, distribution, etc. | 1995. |
| 300 ## - PHYSICAL DESCRIPTION | |
| Extent | xi, 249 p. : |
| Other physical details | ill. ; |
| Dimensions | 24 cm. |
| 500 ## - GENERAL NOTE | |
| General note | Updated ed. of: Draughtmanship. 3rd ed. 1976. |
| 504 ## - BIBLIOGRAPHY, ETC. NOTE | |
| Bibliography, etc. note | Includes bibliographical references (p. [240]-241) and index. |
| 650 #0 - SUBJECT ADDED ENTRY--TOPICAL TERM | |
| Topical term or geographic name entry element | Architectural drawing. |
| 9 (RLIN) | 1070 |
| 700 1# - ADDED ENTRY--PERSONAL NAME | |
| Personal name | McCarthy, Tony |
| Fuller form of name | (Tony K.) |
| 9 (RLIN) | 1071 |
| 700 1# - ADDED ENTRY--PERSONAL NAME | |
| Personal name | Reekie, Fraser. |
| Title of a work | Draughtmanship. |
| 9 (RLIN) | 1072 |
| 906 ## - LOCAL DATA ELEMENT F, LDF (RLIN) | |
| a | 7 |
| b | cbc |
| c | orignew |
| d | 1 |
| e | ocip |
| f | 19 |
| g | y-gencatlg |
| 942 ## - ADDED ENTRY ELEMENTS (KOHA) | |
| Source of classification or shelving scheme | |
| Koha item type | Book |
| Withdrawn status | Lost status | Source of classification or shelving scheme | Damaged status | Not for loan | Permanent Location | Current Location | Date acquired | Source of acquisition | Full call number | Barcode | Date last seen | Copy number | Cost, replacement price | Price effective from | Koha item type | Total Checkouts | Total Renewals | Date last checked out |
|---|---|---|---|---|---|---|---|---|---|---|---|---|---|---|---|---|---|---|
| School of Art Design and Architecture (SADA) | School of Art Design and Architecture (SADA) | 04/24/2012 | Donation | 720.284 REE 1995 | SADAD0000044 | 01/05/2017 | 01 | 0.00 | 01/05/2017 | Book | ||||||||
| School of Art Design and Architecture (SADA) | School of Art Design and Architecture (SADA) | 04/24/2012 | 720.284 REE 1995 | SADA0001652 | 01/05/2017 | 02 | 0.00 | 01/05/2017 | Book | |||||||||
| School of Art Design and Architecture (SADA) | School of Art Design and Architecture (SADA) | 04/24/2012 | 720.284 REE 1995 | SADA0001653 | 04/07/2014 | 03 | 0.00 | 04/26/2012 | Book | 1 | 1 | 01/31/2014 | ||||||
| School of Art Design and Architecture (SADA) | School of Art Design and Architecture (SADA) | 04/24/2012 | 720.284 REE 1995 | SADA0001654 | 02/18/2016 | 04 | 0.00 | 04/26/2012 | Book | 1 | 01/20/2016 | |||||||
| School of Art Design and Architecture (SADA) | School of Art Design and Architecture (SADA) | 04/24/2012 | 720.284 REE 1995 | SADA0001655 | 01/05/2017 | 05 | 0.00 | 01/05/2017 | Book | |||||||||
| School of Art Design and Architecture (SADA) | School of Art Design and Architecture (SADA) | 04/24/2012 | 720.284 REE 1995 | SADA0001656 | 01/05/2017 | 06 | 0.00 | 01/05/2017 | Book |
